Skylanders: Trap Team - Statistiques

Statistiques générales
  • Ce quiz a été pris 69 fois
  • Le résultat moyen est 50 sur 57
Statistiques - réponses
Question Réponse % Correct
Qui est Blastermind ?
100%
Qui est Mini Jini ?
100%
Qui est Pop Fizz ?
100%
Qui est Enigma ?
100%
Qui est Cobra Cadabra ?
100%
Qui est Déjà Vu ?
100%
Qui est Spry ?
100%
Qui est Krypt King ?
96%
Qui est Funny Bone ?
96%
Qui est Short Cut ?
96%
Qui est Eye-Small ?
96%
Qui est Head Rush ?
96%
Qui est Bat Spin ?
92%
Qui est Rocky Roll ?
92%
Qui est Terrabite ?
92%
Qui est Jawbreaker ?
92%
Qui est Shroomboom ?
92%
Qui est Whisper Elf ?
92%
Qui est Pet-Vac ?
92%
Qui est Gusto ?
92%
Qui est Jet-Vac ?
92%
Qui est Snap Shot ?
92%
Qui est Lob-Star ?
92%
Qui est Ka-Boom ?
92%
Qui est Hijinx ?
88%
Qui est Wallop ?
88%
Qui est Trigger Snappy ?
88%
Qui est Food Fight ?
88%
Qui est Blades ?
88%
Qui est Fling Kong ?
88%
Qui est Breeze ?
88%
Qui est Flip Wreck ?
88%
Qui est Thumpling ?
88%
Qui est Torch ?
88%
Qui est Knight Light ?
88%
Qui est Spotlight ?
88%
Qui est Bop ?
84%
Qui est Drobit ?
84%
Qui est Gearshift ?
84%
Qui est Tuff Luck ?
84%
Qui est Echo ?
84%
Qui est Wildfire ?
84%
Qui est Weeruptor ?
84%
Qui est Blackout ?
84%
Qui est Knight Mare ?
84%
Qui est Fist Bump ?
80%
Qui est Chopper ?
80%
Qui est Bushwhack ?
80%
Qui est Thunderbolt ?
80%
Qui est Small Fry ?
80%
Qui est Tread Head ?
76%
Qui est Gill Runt ?
76%
Qui est Gill Grunt ?
76%
Qui est Trail Blazer ?
68%
Qui est Barkley ?
60%
Qui est High Five ?
60%
Qui est Fryno ?
60%
Aucun quiz correspondant
Distribution des résultats
% des personnes avec chaque résultat
Percentile par nombre de réponses
Votre historique - résultats
Vous n’avez pas pris ce quiz